00420nam a2200193Ia 4500003000900000008004100009040001300050040001300063041000800076100001700084100000900101245005600110250001000166260001400176260000900190300001100199300001000210490000600220IT-RoPAU120407s9999 xx 000 0 und d aIT-RoPAU cIT-RoPAU aita aFedele Savio cs.j. aPunti controversi della questione del Papa Liberio. aRoma  aF. Pustet c1911 a154 p. c19 cm v1